[Event "POL-chT 2nd League"]
[Site "Jastrzebia Gora"]
[Date "2019.09.10"]
[Round "4.20"]
[White "Rainer, Piotr"]
[Black "Grochowski, Mariusz"]
[Result "1-0"]
[WhiteElo "1408"]
[BlackElo "1714"]
[PlyCount "83"]
[EventDate "2019.09.07"]
[EventType "team-swiss"]
[EventRounds "9"]
[EventCountry "POL"]
[SourceTitle "EXT 2020"]
[Source "ChessBase"]
[SourceDate "2019.10.17"]
[SourceVersion "1"]
[SourceVersionDate "2019.10.17"]
[SourceQuality "1"]
[WhiteTeam "Staniatki Goniec"]
[BlackTeam "Plock Stowarzyszenie"]
[WhiteTeamCountry "POL"]
[BlackTeamCountry "POL"]

1. e4 c5 2. Nf3 Nc6 3. d4 cxd4 4. Nxd4 a6 5. Nc3 e6 6. Bc4 Qc7 7. a4 Bb4 8. Nxc6 Qxc6 9. Qd4 Nf6 10. Bd3 Bxc3+ 11. bxc3 d6 12. 0-0 e5 13. Qb4 0-0 14. a5 Be6 15. Bg5 Rac8 16. Bxf6 gxf6 17. Rfe1 Rfd8 18. c4 Rc7 19. Qd2 Kf8 20. Qh6+ Ke7 21. Re3 Qe8 22. Rf3 Qh8 23. Rb1 Bxc4 24. Bxc4 Rxc4 25. Rxb7+ Rd7 26. Rxd7+ Kxd7 27. Rxf6 Qb8 28. Rxf7+ Kc6 29. g3 Qb1+ 30. Kg2 Qxc2 31. Qxh7 Qxe4+ 32. Qxe4+ Rxe4 33. h4 d5 34. h5 Rg4 35. h6 Rg8 36. h7 Rh8 37. g4 d4 38. Kf3 d3 39. Ke3 Rd8 40. Kd2 e4 41. g5 Rb8 42. g6 1-0